Cómo evitar estafas de artículos y servicios de oficina : Avoiding office supply scams.

Bibliographic Details
Corporate Author: United States. Federal Trade Commission
Format: Government Document Book
Language:Spanish
Published: [Washington, D.C.] : Federal Trade Commission, [2000]
Series:Facts for business.
Subjects:
Online Access:https://purl.fdlp.gov/GPO/LPS104277

MARC

Tag First Indicator Second Indicator Subfields
LEADER 00000cam a2200000K 4500
001 in00002431007
005 20211202185953.0
006 m d f
008 081021s2000 dcu s f000 0 spa d
035 |a (OCoLC)ocn262986982 
040 |a GPO  |c GPO  |d GPO  |d MvI  |d UtOrBLW 
049 |a WWW 
074 |a 0535-B (online) 
086 0 |a FT 1.33:OF 3/SPAN. 
245 0 0 |a Cómo evitar estafas de artículos y servicios de oficina :  |b Avoiding office supply scams. 
264 1 |a [Washington, D.C.] :  |b Federal Trade Commission,  |c [2000] 
300 |a 1 electronic text :  |b HTML file. 
336 |a text  |b txt  |2 rdacontent 
337 |a computer  |b c  |2 rdamedia 
338 |a online resource  |b cr  |2 rdacarrier 
490 1 |a Información de la FTC para negocios 
538 |a Mode of access: Internet from the FTC web site. Address as of 10/21/08: http://www.ftc.gov/bcp/conline/spanish/buspubs/s-supplies.shtm ; current access available via PURL. 
500 |a Title from title screen (viewed on Oct. 21, 2005). 
500 |a "Marzo 2000." 
500 |a Electronic resource. 
650 0 |a Office equipment and supplies industry  |x Corrupt practices  |z United States. 
650 0 |a Telemarketing  |x Corrupt practices  |z United States. 
710 1 |a United States.  |b Federal Trade Commission. 
830 0 |a Facts for business. 
856 4 0 |u https://purl.fdlp.gov/GPO/LPS104277  |t 0 
999 |a MARS 
999 f f |s a6b4ffd7-450d-305d-a205-797bce09774f  |i 9772e81b-392d-3e8d-850b-65aa4efff34a  |t 0 
952 f f |a Texas A&M University  |b College Station  |c Electronic Resources  |d Available Online  |t 0  |e FT 1.33:OF 3/SPAN.  |h Superintendent of Documents classification 
998 f f |a FT 1.33:OF 3/SPAN.  |t 0  |l Available Online